书目信息 |
| 题名: |
路桥工程试验检测
|
|
| 作者: | 杜立峰 , 杜建华 主编 | |
| 分册: | ||
| 出版信息: | 成都 西南交通大学出版社 2010.02 |
|
| 页数: | 289页 | |
| 开本: | 26cm | |
| 丛书名: | ||
| 单 册: | ||
| 中图分类: | U41 , U446 | |
| 科图分类: | ||
| 主题词: | 桥梁工程--qiao liang gong cheng--检测--高等学校--教材 , 桥梁工程--qiao liang gong cheng--试验--高等学校--教材 , 道路工程--dao lu gong cheng--检测--高等学校--教材 , 道路工程--dao lu gong cheng--试验--高等学校--教材 | |
| 电子资源: | ||
| ISBN: | 978-7-5643-0603-8 | |
| 000 | 01281nam0 2200313 450 | |
| 001 | 012010522187 | |
| 005 | 20100624145428.53 | |
| 010 | @a978-7-5643-0603-8@dCNY35.00 (含附件) | |
| 100 | @a20100624d2010 em y0chiy0120 ea | |
| 101 | 0 | @achi |
| 102 | @aCN@b510000 | |
| 105 | @aak a 000yy | |
| 106 | @ar | |
| 200 | 1 | @a路桥工程试验检测@Alu qiao gong cheng shi yan jian ce@f杜立峰, 杜建华主编@Fdu li feng,du jian hua zhu bian |
| 210 | @a成都@c西南交通大学出版社@d2010.02 | |
| 215 | @a289页@c图@d26cm@e实训报告1册(32页, 26cm) | |
| 300 | @a高等职业教育道桥专业工学结合规划教材 | |
| 320 | @a有书目 (第288-289页) | |
| 330 | @a本书以最新的公路工程技术规范、标准、试验检测规程为依据,介绍了公路和桥梁工程试验检测的常用方法和程序。主要内容包括:绪论、试验检测数据处理、路面基层无机稳定结合料试验、沥青混合料试验等。 | |
| 606 | 0 | @a桥梁工程@Aqiao liang gong cheng@x检测@x高等学校@j教材 |
| 606 | 0 | @a桥梁工程@Aqiao liang gong cheng@x试验@x高等学校@j教材 |
| 606 | 0 | @a道路工程@Adao lu gong cheng@x检测@x高等学校@j教材 |
| 606 | 0 | @a道路工程@Adao lu gong cheng@x试验@x高等学校@j教材 |
| 690 | @aU41@v4 | |
| 690 | @aU446@v4 | |
| 701 | 0 | @a杜立峰@Adu li feng@4主编 |
| 701 | 0 | @a杜建华@Adu jian hua@4主编 |
| 801 | 0 | @aCN@bQSSK@c20100624 |
| 905 | @b782882-84@dU41@eD831@f3 | |
| 路桥工程试验检测/杜立峰, 杜建华主编.-成都:西南交通大学出版社,2010.02 |
| 289页:图;26cm+实训报告1册(32页, 26cm) |
| 高等职业教育道桥专业工学结合规划教材 |
| ISBN 978-7-5643-0603-8:CNY35.00 (含附件) |
| 本书以最新的公路工程技术规范、标准、试验检测规程为依据,介绍了公路和桥梁工程试验检测的常用方法和程序。主要内容包括:绪论、试验检测数据处理、路面基层无机稳定结合料试验、沥青混合料试验等。 |
| ● |
| 相关链接 |
|
|
|
正题名:路桥工程试验检测
索取号:U41/D831
 
预约/预借
| 序号 | 登录号 | 条形码 | 馆藏地/架位号 | 状态 | 备注 |
| 1 | 782882 | 207828822 | 自科库501/501自科库 50排5列5层/ [索取号:U41/D831] | 在馆 | |
| 2 | 782883 | 207828831 | 自科二线504/501自科库 50排5列5层/ [索取号:U41/D831] | 在馆 | |
| 3 | 782884 | 207828840 | 自科库501/501自科库 50排5列5层/ [索取号:U41/D831] | 在馆 |